2026/27 Scottish Football Teams - Statistics

General Stats
  • This quiz has been taken 17 times
  • The average score is 31 of 42
Answer Stats
League Answer % Correct
Premiership Aberdeen
100%
Premiership Celtic
100%
Premiership Dundee
100%
Premiership Dundee United
100%
Premiership Falkirk
100%
Premiership Heart of Midlothian
100%
Premiership Rangers
100%
Premiership Hibernian
93%
Championship Inverness Caledonian Thistle
93%
Premiership Kilmarnock
93%
Championship Dunfermline Athletic
86%
Premiership Motherwell
86%
Premiership St Johnstone
86%
League Two Edinburgh City
79%
Championship Livingston
79%
Premiership /Championship St Mirren
79%
League One Alloa Athletic
71%
Championship Arbroath
71%
League Two Clyde
71%
League Two Dumbarton
71%
League One East Fife
71%
Championship Greenock Morton
71%
League One Hamilton Academial
71%
Premiership / Championship Partick Thistle
71%
Championship Queen's Park
71%
Championship Raith Rovers
71%
Championship Ayr United
64%
League One Montrose
64%
League One Peterhead
64%
League One Queen of the South
64%
Championship Stenhousemuir
64%
League Two Stirling Albion
64%
League Two Stranraer
64%
League Two The Spartans
64%
League One East Kilbride
57%
League Two Elgin City
57%
League Two Forfar Athletic
57%
League Two Annan Athletic
50%
League Two Kelty Hearts
50%
League One Ross County
50%
League One Airdrieonians
43%
League One Cove Rangers
43%
No matching quizzes found
Score Distribution
Percent of People with Each Score
Percentile by Number Answered
Your Score History
You have not taken this quiz